00982nam a2200205 i 450000100060000000300090000600500170001500700030003200800410003510000390007624503070011526000680042230000200049065000300051065100340054070000360057485200230061099900170063395201260065027899ES-MaACL20260202063013.0t|030115m18361837sp ||||1| spa d1 aBalbi, Adriano, d1782-184892484310aCompendio de Geografía Universal b: redactado bajo un nuevo plan con presencia de los últimos tratados de paz y los descubrimientos mas recientes / cpor Adrian Balbi ; tradúcelo del francés con varias notas y considerablemente aumentada y corregida en la parte de España Sebastian Fabregas. aMadrid : b[s.n.], c1836-1837 (fEmilio Fernández de Angulo) a3 v. ; c21 cm.07aGeografía2embne913070 4aEspaña-xGeografía.982001 aFábregas, Sebastián.948555 aES-MaACLjC-617-19 c27899d27899 001040708LIBXIXaATENEOMbATENEOMcSPALd2008-01-17eSCl0oC-617-19p1028806r2023-02-23 00:00:00w2023-02-23yMONANT